Diálogos sobre la física atómica / (Record no. 171420)

MARC details
000 -LEADER
campo de control de longitud fija 00832nam a2200241 i 4500
001 - NÚMERO DE CONTROL
campo de control 171420
003 - IDENTIFICADOR DE NÚMERO DE CONTROL
campo de control ES-MaACL
005 - FECHA Y HORA DE LA ÚLTIMA TRANSACCIÓN
campo de control 20250808062807.0
008 - DATOS DE LONGITUD FIJA--INFORMACIÓN GENERAL
campo de control de longitud fija 090514s1972 sp |||| | spa d
020 ## - NÚMERO INTERNACIONAL ESTÁNDAR DEL LIBRO
Número Internacional Estándar del Libro 84-220-0403-8
100 0# - ENTRADA PRINCIPAL--NOMBRE DE PERSONA
Nombre de persona Heisenberg, Werner.
9 (RLIN) 62398
245 10 - MENCIÓN DEL TÍTULO
Título Diálogos sobre la física atómica /
Mención de responsabilidad, etc. por Werner Heisenberg ; traducción española de Wolfgang Strobl y Luis Pelayo.
260 ## - PUBLICACIÓN, DISTRIBUCIÓN, ETC.
Lugar de publicación, distribución, etc. Madrid :
Nombre del editor, distribuidor, etc. La Editorial Católica,
Fecha de publicación, distribución, etc. 1972.
300 ## - DESCRIPCIÓN FÍSICA
Extensión 317 p. ;
Dimensiones 20 cm.
490 1# - MENCIÓN DE SERIE
Mención de serie Biblioteca de autores cristianos ;
Designación de volumen o secuencia 340
650 04 - PUNTO DE ACCESO ADICIONAL DE MATERIA--TÉRMINO DE MATERIA
Término de materia o nombre geográfico como elemento de entrada Física nuclear.
9 (RLIN) 12888
650 04 - PUNTO DE ACCESO ADICIONAL DE MATERIA--TÉRMINO DE MATERIA
Término de materia o nombre geográfico como elemento de entrada Física-
Subdivisión general Filosofía.
9 (RLIN) 12881
700 1# - ENTRADA AGREGADA--NOMBRE PERSONAL
Nombre de persona Strobl, Wolfgang.
9 (RLIN) 108442
700 1# - ENTRADA AGREGADA--NOMBRE PERSONAL
Nombre de persona Pelayo Arribas, Luis.
9 (RLIN) 90028
830 00 - PUNTO DE ACCESO ADICIONAL DE SERIE-TÍTULO UNIFORME
Título uniforme Biblioteca de autores cristianos
Designación de volumen o secuencia 340
9 (RLIN) 178679
852 ## - LOCALIZACIÓN
Ubicación ES-MaACL
Número de control de estantería J-333
Holdings
Estatus retirado Estado de pérdida Estado de daño No para préstamo Biblioteca de origen Biblioteca actual Ubicación en estantería Fecha de adquisición Fuente de adquisición Total de préstamos Signatura topográfica completa Código de barras Visto por última vez Precio de reemplazo Tipo de ítem Koha
        Biblioteca del Ateneo de Madrid Biblioteca del Ateneo de Madrid Depósito 2 14/05/2009     J-333 1179897 23/02/2023 23/02/2023 Libro impreso